00912nam a2200241Ia 450000500170000000800410001702000180005804000570007604100080013324501080014125000100024926000490025930000480030849000650035650400530042165000310047465100470050565100360055270000180058870000180060670000190062470000270064320211112075556.0130821s2011 xxuab frn 1 deng d a9780415587433 aCo-BoUCMbspacJavier Garzón (modificó)d[Nuevo]00aeng00aJapan's international relations politics, economics and securitycGlenn D. Hook ... [y otros autores.] a3a ed aNueva York (Estados Unidos)bRoutledgec2011 axxxix, 587 páginasbilustraciones y mapas0 aSheffield Centre for Japanese Studies / Routledge Seriesv44 aIncluye referencias bibliográficas e índices aRelaciones internacionales aJapónbRelaciones internacionalesy1989- aJapónxDesarrollo económico1 aDobson, Hugo.1 aGilson, Julie1 aHook, Glenn D.1 aHughes, Christopher W.